000 00294nam a2200121Ia 4500
008 191201s2008 xx 000 0 und d
100 _aBHAVIKATI,SS
245 0 _aStrength of Materials
250 _aRep
260 _c2008
_bVikas Publication House
_aNEW DELHI
300 _a408
942 _2ddc
_cBK
999 _c8075
_d8075